000 00511nam a2200193Ia 4500
005 20250923144348.0
008 008 250917s9999 xx 000 0 eng d
037 _aTextual
040 _aDSWL
_beng
_cDSWL
041 _aeng
_2eng
084 _aU.2f, N50
_qDSWL
245 0 _aIndia in maps
_cby India Information and Broadcasting
260 _aNew Delhi
_b India
_c1950
300 _a55 p.
365 _aINR
_b 5/
925 _g 5/
942 _cTEXL
_hU.2f, N50
999 _c1437909
_d1437909